000 00339nam a2200145Ia 4500
008 230718s9999 xx 000 0 und d
041 _aEng.
082 _a346.034
_bABI-L
100 _aAbid S. A.
245 0 _aLand Aquisition Act, 1849
260 _aPakistan
_bMamn 2009 law back
_c1894
300 _a194
650 _aLaw
999 _c26605
_d26605